Top 10 Real Sociedad Starting XI - Statistics

General Stats
  • This quiz has been taken 305 times
    183 since last reset
  • The average score is 25 of 74
Answer Stats
Team Player % Correct
2022-23, 2023-24 Takefusa Kubo
95%
2012-13 Claudio Bravo
89%
2021-22, 2022-23 Alexander Sørloth
88%
2020-21, 2021-22 Alexander Isak
86%
2016-17, 2020-21, 2021-22, 2023-24 Mikel Oyarzabal
86%
2021-22, 2022-23, 2023-24 Martín Zubimendi
84%
2020-21, 2021-22, 2022-23, 2023-24 Mikel Merino
83%
2023-24 Kieran Tierney
77%
2012-13 Antoine Griezmann
76%
2020-21, 2021-22, 2022-23, 2023-24 Robin Le Normand
76%
2020-21, 2021-22, 2022-23, 2023-24 Álex Remiro
75%
2016-17 Gerónimo Rulli
74%
2012-13, 2016-17 Carlos Vela
73%
2023-24 Hamari Traoré
63%
2016-17 Willian José
59%
2020-21, 2021-22, 2022-23 David Silva
57%
2012-13 Carlos Martínez
55%
2012-13, 2016-17 Iñigo Martínez
55%
2022-23, 2023-24 Brais Méndez
53%
2022-23, 2023-24 Igor Zubeldia
52%
2012-13, 2016-17 Asier Illarramendi
50%
2020-21, 2021-22 Aritz Elustondo
45%
2023-24 Ander Barrenetxea
44%
2002-03 Xabi Alonso
44%
2012-13, 2016-17 Xabi Prieto
44%
2020-21 Nacho Monreal
40%
1997-98, 2002-03 Nihat Kahveci
40%
2020-21, 2021-22, 2022-23 Andoni Gorosabel
39%
2016-17 Álvaro Odriozola
37%
2022-23 Aihen Muñoz
34%
2002-03 Darko Kovačević
33%
2012-13 Imanol Agirretxe
29%
2016-17 Yuri Berchiche
29%
2012-13 Alberto de la Bella
26%
2021-22 Diego Rico
26%
2012-13 Mikel González
26%
2016-17 David Zurutuza
25%
1997-98, 2002-03 Javier de Pedro
24%
2020-21 Portu
22%
2002-03 Valeri Karpin
22%
2002-03 Sander Westerveld
21%
2020-21 Ander Guevara
20%
1991-92 Meho Kodro
20%
1989-90, 1991-92 González
19%
1997-98 Juan Andrés Gómez
19%
1997-98, 2002-03 López Rekarte
19%
2016-17 Raúl Navas
19%
2002-03 Agustín Aranzábal
16%
2012-13 Markel Bergara
16%
2002-03 Mikel Aranburu
16%
1989-90 John Aldridge
14%
2002-03 Gabriel Schürrer
13%
1997-98 Alberto
12%
1989-90, 1991-92 Alberto Górriz
11%
1989-90 Agustín Gajate
10%
2002-03 Igor Jauregi
10%
1997-98 José Antonio Pikabea
10%
1997-98 Håkan Mild
9%
1989-90, 1991-92 Juan Antonio Larrañaga
9%
1997-98 Loren
9%
1989-90, 1991-92, 1997-98 Miguel Fuentes
8%
1997-98 Andoni Imaz
7%
1991-92 Andoni Imaz
7%
1991-92 Carlos Xavier
7%
1991-92 Iñaki Álaba
7%
1989-90 Ion Andoni Goikoetxea
7%
1997-98 Javi Gracia
7%
1991-92 Jokin Uría
7%
1989-90 Javier Bengoetxea
6%
1991-92 José María Lumbreras
6%
1989-90 Juan Antonio Mentxaka
6%
1989-90 Mikel Lasa
6%
1991-92 Oceano Cruz
6%
1989-90 David Villabona
3%
No matching quizzes found
Score Distribution
Percent of People with Each Score
Percentile by Number Answered
Your Score History
You have not taken this quiz since the last reset